The finance and analysis of capital projects (Record no. 373868)

000 -LEADER
fixed length control field 00377cam a22001337a 4500
008 - FIXED-LENGTH DATA ELEMENTS--GENERAL INFORMATION
fixed length control field 180718b1963 xxu||||| |||| 00| 0 eng d
082 ## - DEWEY DECIMAL CLASSIFICATION NUMBER
Classification number T471 M551
100 ## - MAIN ENTRY--PERSONAL NAME
Personal name Merrett, A.J.
245 ## - TITLE STATEMENT
Title The finance and analysis of capital projects
Statement of responsibility, etc. by A.J. Merrett and Allen. Sykes
260 ## - PUBLICATION, DISTRIBUTION, ETC.
Place of publication, distribution, etc. London
Name of publisher, distributor, etc. Longmans
Date of publication, distribution, etc. 1963
300 ## - PHYSICAL DESCRIPTION
Extent 544p.
650 ## - SUBJECT ADDED ENTRY--TOPICAL TERM
Topical term or geographic name entry element Investment
700 ## - ADDED ENTRY--PERSONAL NAME
Personal name Sykes, Allen
Holdings
Withdrawn status Lost status Damaged status Not for loan Permanent Location Current Location Date acquired Full call number Barcode Date last seen Price effective from Koha item type
        Indian Institute of Public Administration Indian Institute of Public Administration 1994-06-23 T471 M551 35367 2018-07-21 2018-07-21 Book

Powered by Koha